| 000 | 00862nam a2200193Ii 4500 | ||
|---|---|---|---|
| 003 | JO-AjNU | ||
| 008 | 230605s9999||||xx |||||||||||||| ||und|| | ||
| 040 |
_aJO-AjNU _bara _erda _cJO-AjNU |
||
| 041 | _aara | ||
| 050 | 1 | 4 | _aPJ6645.F7 |
| 100 | 3 |
_aاعداد رانية احمد مشلب؛ إشراف جورج جميل, _eauthor _951500 |
|
| 245 | 0 | 0 | _aPremier : le dictionnaire illustre des debutants : Francais-Francais Arabe = الأول: القاموس المصور للناشئين : فرنسي - فرنسي عربي |
| 264 | 3 | 1 | _aبيروت: دار الراتب، د،ت |
| 300 | _a446ص | ||
| 336 |
_atext _btxt _2rdacontent |
||
| 337 |
_aunmediated _bn _2rdamedia |
||
| 338 |
_avolume _bnc _2rdacarrier |
||
| 650 | 4 |
_aاللغة الفرنسية - القواميس - العربية - اللغة العربية - القواميس - الفرنسية _951501 |
|
| 999 |
_aA22756 _c26324 _d26324 |
||